El derecho y el estado en San Agustín / (Record no. 146895)

MARC details
000 -LEADER
campo de control de longitud fija 00677nam a2200205 i 4500
001 - NÚMERO DE CONTROL
campo de control 146895
003 - IDENTIFICADOR DE NÚMERO DE CONTROL
campo de control ES-MaACL
005 - FECHA Y HORA DE LA ÚLTIMA TRANSACCIÓN
campo de control 20250915063057.0
007 - CAMPO FIJO DE DESCRIPCIÓN FÍSICA--INFORMACIÓN GENERAL
campo de control de longitud fija t|
008 - DATOS DE LONGITUD FIJA--INFORMACIÓN GENERAL
campo de control de longitud fija 070919s1944 sp ||||1| spa d
080 ## - NÚMERO DE LA CLASIFICACIÓN DECIMAL UNIVERSAL
Número de la Clasificación Decimal Universal 321.01
100 1# - ENTRADA PRINCIPAL--NOMBRE DE PERSONA
Nombre de persona Truyol y Serra, Antonio,
Fechas asociadas al nombre 1913-2003
9 (RLIN) 111597
245 13 - MENCIÓN DEL TÍTULO
Título El derecho y el estado en San Agustín /
Mención de responsabilidad, etc. Antonio Truyol y Serra.
260 ## - PUBLICACIÓN, DISTRIBUCIÓN, ETC.
Lugar de publicación, distribución, etc. Madrid :
Nombre del editor, distribuidor, etc. Revista de Derecho Privado,
Fecha de publicación, distribución, etc. [1944]
300 ## - DESCRIPCIÓN FÍSICA
Extensión 211 p. ;
Dimensiones 21 cm.
490 1# - MENCIÓN DE SERIE
Mención de serie Biblioteca de derecho privado. Serie K ;
Designación de volumen o secuencia 3
830 00 - PUNTO DE ACCESO ADICIONAL DE SERIE-TÍTULO UNIFORME
Título uniforme Biblioteca de la Revista de derecho privado
Designación de volumen o secuencia 3
9 (RLIN) 182876
852 ## - LOCALIZACIÓN
Ubicación ES-MaACL
Número de control de estantería F-16287
Sublocalización o colección R.21256
Holdings
Estatus retirado Estado de pérdida Estado de daño No para préstamo Biblioteca de origen Biblioteca actual Ubicación en estantería Fecha de adquisición Fuente de adquisición Total de préstamos Signatura topográfica completa Código de barras Visto por última vez Precio de reemplazo Tipo de ítem Koha
        Biblioteca del Ateneo de Madrid Biblioteca del Ateneo de Madrid Sala Pecera Planta 2 17/01/2008     F-16287 1153307 23/02/2023 23/02/2023 Libro impreso